| 000 | 01855cam a2200541 4500 | ||
|---|---|---|---|
| 003 | PE-LiUPU | ||
| 005 | 20250731180146.0 | ||
| 020 | _a8477389438 | ||
| 035 | _a(Sirsi) i9788477389439 | ||
| 035 | _a(Sirsi) 46694 | ||
| 035 | _a(Sirsi) 46694 | ||
| 041 | _aes | ||
| 044 | _aes | ||
| 082 | 0 | 4 |
_a516.53 _bC39 |
| 100 | 1 | _aCea D'Ancona, Ma. Ángeles | |
| 245 |
_aAnálisis multivariable : _bteoría y práctica en la investigación social / _cÁngels Cea D'Ancona. |
||
| 264 | 1 |
_aMadrid : _bEditorial Síntesis, _c2004 |
|
| 300 |
_a638 páginas : _bilustraciones ; _c23 cm. |
||
| 490 | 0 |
_aManuales _v6 |
|
| 505 | 0 | _aRegresión múltiple -- Análisis "Logit" -- Análisis de conglomerados -- Análisis discriminante -- Análisis Factorial -- Ecuaciones Estructurales | |
| 526 | _aSEG44 | ||
| 526 | _aSEG26 | ||
| 526 | _aP159 | ||
| 526 | _aP155 | ||
| 526 | _aP154 | ||
| 526 | _aP153 | ||
| 526 | _aP150 | ||
| 526 | _aP100 | ||
| 526 | _aP31 | ||
| 526 | _aP30 | ||
| 526 | _aP26 | ||
| 526 | _aP25 | ||
| 526 | _aP24 | ||
| 526 | _aP22 | ||
| 526 | _aP15 | ||
| 526 | _aP10 | ||
| 650 | 1 | 4 |
_aCiencias sociales _xInvestigación _vMetodologia. |
| 650 | 2 | 4 |
_aSociologia _xInvestigación. |
| 650 | 2 | 4 |
_aEstadística matemàtica _vManuales. |
| 942 |
_2ddc _cBOOK |
||
| 949 |
_a516.53 C39 _i64304 _lCCODEBUL1 _mBUL _tLIBRO _o.STAFF. Colección General |
||
| 859 |
_q64304 _h516.53 _iC39 |
||
| 910 |
_agl _bjv _cng _d20120220 |
||
| 596 | _a1 | ||
| 999 |
_aPGE 516.53 C39 _wDEWEY _c53092 _i64304 _d53092 _e2016-6-7 _f2021-11-8 _g5 _lCCODEBUL1 _mBUL _n1 _p76.00 _q2 _r0 _sY _tBOOK _u2015-7-6 _xEDUCACION _PP57 _0COMPRA _o.CIRCNOTE. No olvidar cambiar la fecha de devolución!!!!!!! _o.STAFF. Colección General |
||
| 980 |
_81 _gALBERTO SANCHEZ Responsable de Automatización |
||